00491nam a2200145 4500003000900000005001700009008004100026020003400067040001300101082001500114100002400129245014300153260003300296650001600329SEACOMMC20250430144526.0250114b |||||||| |||| 00| 0 eng d a 978-81-3090-134-3cRs.295.00 aSEACOMMC a302bN-333 aEl-Nawawy ,Mohammed1 aAl-Jazeera : the story of the network that is rattling governments and redefining modern journalismc Mohammed El-Nawawy and Adel Iskanda a Kolkatab Viva-Booksc 2007 a Mass Media